Creative Calendars (Record no. 7900)

000 -LEADER
fixed length control field 00349nam a22001457a 4500
003 - CONTROL NUMBER IDENTIFIER
control field OSt
005 - DATE AND TIME OF LATEST TRANSACTION
control field 20200601120332.0
008 - FIXED-LENGTH DATA ELEMENTS--GENERAL INFORMATION
fixed length control field 200601b ||||| |||| 00| 0 eng d
020 ## - INTERNATIONAL STANDARD BOOK NUMBER
International Standard Book Number 9788415123378
082 ## - DEWEY DECIMAL CLASSIFICATION NUMBER
Classification number 941
Item number BAS
100 ## - MAIN ENTRY--PERSONAL NAME
Personal name Basheer Graphic Group
245 ## - TITLE STATEMENT
Title Creative Calendars
260 ## - PUBLICATION, DISTRIBUTION, ETC. (IMPRINT)
Place of publication, distribution, etc Spain
Name of publisher, distributor, etc Links International
Date of publication, distribution, etc 2011
942 ## - ADDED ENTRY ELEMENTS (KOHA)
Source of classification or shelving scheme
Holdings
Withdrawn status Lost status Source of classification or shelving scheme Damaged status Koha normalized classification for sorting Not for loan Permanent location Current location Date acquired Full call number Barcode Date last seen Price effective from Koha item type
        941_000000000000000_BAS   BMS College of Architecture, Design and Planning BMS College of Architecture, Design and Planning 2020-06-01 941 BAS AR-UG1789 2020-06-01 2020-06-01 UG Books
Copyright © 2025, The Librarian, Library and Information Centre, BMSCA D&P, Bengaluru. All Rights Reserved
web counter

Powered by Koha